Roller Coasters by Picture - Statistics

General Stats
  • This quiz has been taken 164 times
  • The average score is 15 of 24
Answer Stats
Picture Answer % Correct
Kingda Ka
97%
Intimidator 305
92%
The Smiler
92%
Velocicoaster
92%
Steel Vengeance
91%
X2
91%
Iron Rattler
83%
Taron
81%
Time Traveler
78%
Wildfire
74%
Alpengeist
72%
Hyperion
72%
DC Rivals
65%
Phantom's Revenge
59%
The Swarm
59%
ド・ドドンパ
56%
Helix
53%
Der Schwur Des Kärnan
49%
Kondaa
47%
Flying Aces
46%
Oscar's Wacky Taxi
30%
Coaster Through the Clouds
16%
Gravity Max
15%
Soaring With Dragon
10%
No matching quizzes found
Score Distribution
Percent of People with Each Score
Percentile by Number Answered
Your Score History
You have not taken this quiz